000 00354nam a2200157Ia 4500
008 240515s2024 xx und d
041 _aeng
082 _a 615.2 / KOK
100 _aC. K. Kokate
245 _aPharmacognosy
250 _a4th
260 _bNirali Prakashan
_c2024
300 _a15p
520 _aDIPLOMA
650 _aPharmacognosy
999 _c1164605
_d1164605